Administración de la educación (Record no. 61939)

MARC details
000 -CABECERA
campo de control de longitud fija 00517nam a2200193 a 4500
005 - FECHA Y HORA DE LA ÚLTIMA TRANSACCIÓN
campo de control 20210219152841.0
008 - ELEMENTOS DE LONGITUD FIJA--INFORMACIÓN GENERAL
campo de control de longitud fija 991125n 000 0 spa u
035 ## - NÚMERO DE CONTROL DEL SISTEMA
Número de control de sistema UPN01000063013
100 1# - ASIENTO PRINCIPAL--NOMBRE PERSONAL
Nombre de persona Lemus, Luis Arturo
222 ## - TÍTULO CLAVE
Título clave LA EDUCACIÓN
245 ## - MENCIÓN DE TÍTULO
Título Administración de la educación
300 ## - DESCRIPCIÓN FÍSICA
Extensión 75-87
362 0# - FECHAS DE PUBLICACIÓN Y/O DESIGNACIÓN SECUENCIAL
Fecha de publicación y/o designación secuencial 1974 Año 19, nos. 68-69, ene.-ago.
653 0# - TERMINO DE INDIZACION - NO CONTROLADO
Término no controlado ADMINISTRACION EDUCATIVA
653 0# - TERMINO DE INDIZACION - NO CONTROLADO
Término no controlado RECURSOS HUMANOS
653 0# - TERMINO DE INDIZACION - NO CONTROLADO
Término no controlado RELACIONES HUMANAS
904 ## - ELEMENTOS DE DATOS D LOCAL, LDD (RLIN)
a AC
b 000824
905 ## - TIPO DE MATERIAL
Tipo de material Articulo

No items available.